000 00787cab a22002055a 4500
001 L158677
008 150611e20150523xxk 000 0 eng d
035 _a(Sirsi) u158677
041 0 _aeng
100 1 _aSmyth, R.
245 0 0 _aFrom grime to prime
260 _c2015
490 _aEstates Gazette
_v(1520) 23 May 2015, 80-82(2)
520 _aDescribes the evolution of student accommodation from its poor reputation before the late 1990s to its more capable form of today. Includes information about the major players in the market and their future along with some legal issues that new entrants into the market need to be aware of.
590 _aKA
651 4 _aUnited Kingdom
690 _aFacilities management
_96240
690 _aResidential property
_96266
942 _n0
999 _c84656
_d84656